The Great Quiz Stats

 Plays Quiz Updated Mar 13, 2018

Score 0/28 Timer 07:00
2 Plays Today
Hint Term % Correct
1930's worldwide economic downturnThe Great Depression
96.1%
Erie, Huron, Michigan, Ontario, and SuperiorThe Great Lakes
95.2%
My father's father's fatherGreat Grandfather
91.8%
The predatory fish from 'JAWS'Great White Shark
87.8%
Breed of domestic dog known as the 'Apollo of all breeds'Great Dane
84.3%
A series of stone and earthen fortifications built during the Ming DynastyThe Great Wall of China
83.7%
F. Scott Fitzgerald novelThe Great Gatsby
82.4%
Ninth largest island in the world and part of the United KingdomGreat Britain
76.7%
Vast grassland region of central North AmericaGreat Plains
70.9%
World's biggest single structure made by living organisms located off the coral seaGreat Barrier Reef
70.5%
King of Macedonia who conquered the Persian empireAlexander the Great
68.6%
1861 Charles Dickens novelGreat Expectations
60.1%
Nickname for Wayne GretzkyThe Great One
55.2%
1666 conflagration that destroyed 80% of a certain British cityGreat Fire of London
52.1%
Hint Term % Correct
1957 Jerry Lee Lewis hit songGreat Balls Of Fire
51.5%
Another name for the constellation 'Ursa Major'The Great Bear
43.8%
1963 Steve McQueen movieThe Great Escape
41.9%
One of the Seven Wonders of the Ancient WorldGreat Pyramid of Giza
38.8%
Major U.S. hair salon chain founded in MinneapolisGreat Clips
35.8%
MLB stadium for the Cincinnati RedsGreat American Ball Park
23.4%
One of Abraham Lincoln's nicknamesThe Great Emancipator
18.8%
President Lyndon B. Johnson's set of domestic policiesGreat Society
16.9%
1988 Dan Aykroyd and John Candy movieThe Great Outdoors
16.4%
2007 Denzel Washington directed filmThe Great Debaters
14.9%
1903 movie considered the first 'narrative' filmThe Great Train Robbery
10.6%
Early 1980's William Katt television showThe Greatest American Hero
10.4%
James Herriot book and BBC seriesAll Creatures Great & Small
10.3%
Pat Conroy novel made into a Robert Duvall movieThe Great Santini
7.3%

You're not logged in!

Compare scores with friends on all Sporcle quizzes.
OR
Log In

Sporcle TV

Today on Sporcle TV


Watch our educational content, quiz creation guides, and fun videos on Sporcle TV.

Show Comments

Extras

Top Quizzes Today


Score Distribution

Your Account Isn't Verified!

In order to create a playlist on Sporcle, you need to verify the email address you used during registration. Go to your Sporcle Settings to finish the process.

Report this User

Report this user for behavior that violates our Community Guidelines.

Details: